Clickable Missing Buildings (TV Edition) Quiz Stats

 Plays Quiz not verified by Sporcle

Score 0/30 Timer 04:00
0 Plays Today
% Correct
House
97.5%
Abbey
95.1%
School
93.3%
Club
93.1%
Prison
92.9%
Hospital
92.9%
Crypt
92.9%
Towers
92.6%
Hall
89.4%
Motel
89.2%
Bunker
89.2%
Laboratory
88.2%
Playhouse
87.7%
Dome
85.7%
Studio
82.3%
% Correct
Court
80.3%
Shop
76.1%
Theatre
69.7%
Temple
65.3%
Museum
63.8%
Warehouse
62.3%
Manor
59.4%
Hotel
58.6%
Mansion
54.7%
Restaurant
52.2%
Lodge
50.5%
University
50%
Cafe
42.9%
Castle
40.1%
Palace
22.4%

You're not logged in!

Compare scores with friends on all Sporcle quizzes.
OR
Log In

Show Comments

Extras

Top Quizzes Today


Score Distribution

Your Account Isn't Verified!

In order to create a playlist on Sporcle, you need to verify the email address you used during registration. Go to your Sporcle Settings to finish the process.

Report this User

Report this user for behavior that violates our Community Guidelines.

Details: